000 00529nam a2200181 4500
001 VA34217
003 ES-SlBCS
005 20210601153512.0
008 140520s1968 xxu||||| |||| 00| 0 spa d
041 _aspa
100 1 _aAmiot, François
_911875
245 1 0 _aCristo Redentor
_b:Nuevas meditaciones siguiendo a San Pablo
_cFrançois Amiot; M. García Suárez
260 _aMadrid :
_bStudium
_c, 1968
300 _a214 p.;
_c18 cm
650 _aCristo Redentor
_9196081
700 1 0 _aGarcía Suárez, M.
_9359195
942 _cBK
999 _c792051
_d792051